000 00680nam a2200229Ia 4500
003 OSt
005 20220926043135.0
006 a|||||r|||| 00| 0
007 ta
008 220923b |||||||| |||| 00| 0 eng d
037 _cGeneral Book
040 _aRTL
_cRTL
_beng
041 _2eng
_aeng
082 _aX93:8(W6), p1K4
100 _aGreaves H. R. G.
_9107879
245 0 _aDemocratic participation and public enterprise
260 _c1964
500 _aUniversity College (London), L. T. Hobhouse Memorial Trust Lecture, 34.
650 _aPublic Sector Economics
942 _hX93:8(W6), p1K4
_cGB
_2CC
999 _c671543
_d671543